=LDR 00000nam 2200000 4500 =001 INLIS000000000039556 =005 20130612145157 =008 ***********************************Ind** =035 ##$$a0010-061300000039556 =041 ##$$a Ind =082 ##$$a 813 =090 ##$$a 813, Pet j =100 ##$$a Peterson, Tracie =245 ##$$a Jasmine, Puing-puing Asa, Tracie Peterson =260 ##$$a 2007 $b Yogyakarta =300 ##$$a 462 hlm, 22 cm =650 ##$$a Fiksi =850 ##$$a NBPNMAT =990 ##$$a 21196574/BPAP-NTB/2014